[Event "ICS Rated blitz match"]
[Site "207.99.5.190"]
[Date "1999.03.05"]
[Round "?"]
[White "Hossa"]
[Black "lchop"]
[Result "0-1"]
[WhiteElo "2355"]
[BlackElo "2664"]
[Annotator "Fritz 5.32 (60s)"]
[PlyCount "176"]

1. e4 Nc6 2. Nf3 e5 3. Bb5 a6 4. Bxc6 dxc6 5. d3 Bd6 6. d4 Bg4 (6... exd4 7.
Qxd4 f6 8. Nbd2 Ne7 9. Nc4 Be6 10. O-O Bxh2+ 11. Kxh2 Qxd4 12. Nxd4 Bxc4 13.
Re1 O-O-O 14. Nf5 Nxf5 15. exf5 Rhe8 16. Bf4 Be2 17. f3 Rd5 18. g4 h5 19. Kg3
hxg4 20. Kxg4 c5 21. a4 {Johansson,M-Moberg,K/Borla ch-Sweden 1995/0-1 (36)})
7. Be3 $146 (7. dxe5 Bxf3 8. Qxf3 Bxe5 9. Qb3 Rb8 10. O-O Nf6 11. Bg5 h6 12.
Bxf6 Qxf6 13. c3 O-O 14. Qc2 Qh4 15. g3 Qh3 16. f4 Bd6 17. Qg2 Bc5+ 18. Kh1
Qxg2+ 19. Kxg2 Rbd8 20. b4 Ba7 21. a4 21... Rd3 {
Winawer,S-Rosenthal,S/Paris 1878/1-0 (64)}) 7... f5 (7... Nf6 8. h3 Bxf3 9.
Qxf3 Bb4+ 10. Nc3 exd4 11. O-O-O $11) 8. h3 (8. exf5 e4 9. h3 9... Bxf5 $11)
8... Bxf3 {Schwarz geht zum Angriff ueber} 9. Qxf3 fxe4 10. Qxe4 Nf6 11. Qd3
exd4 12. Bxd4 {Die Oeffnung der d-Linie verschafft Schwarz Drohungen.} 12...
Qe7+ 13. Kd1 O-O-O 14. Re1 Qf7 15. Qf5+ $17 (15. Nd2 15... Rd7 $15) 15... Qd7
16. Qxd7+ Rxd7 (16... Kxd7 $6 17. Nc3 $11) 17. Kc1 $17 (17. Ke2 17... Nd5 $15)
17... Bf4+ 18. Be3 Nd5 19. Bd2 (19. Nc3 Nxe3 20. fxe3 20... Re8 $17) 19...
Bxd2+ 20. Nxd2 Nf4 21. g3 Rhd8 22. gxf4 Rxd2 23. b3 Rxf2 24. Re7 (24. Kb2 Rdd2
25. Rac1 25... Kd7 $17) 24... Rg2 $17 (24... Rdd2 $5 $142 25. Rxg7 Rxc2+ 26.
Kd1 26... Rh2 $19) 25. Kb2 Rdd2 26. Rc1 a5 27. f5 Rdf2 28. Re8+ Kd7 29. Rh8 $19
(29. Re5 29... b6 $17) 29... h6 30. Rf8 30... c5 $17 (30... Ke7 31. Rb8 b6 32.
a3 $19) 31. h4 (31. Rf7+ 31... Kc6 $17) 31... Kc6 32. f6 gxf6 33. Rh8 Re2 (
33... Kd5 34. Rxh6 b5 35. Rh7 $17) 34. Rxh6 Rgf2 35. h5 35... a4 $11 (35... b5
$5 $15 {ist interessant}) 36. bxa4 Re4 37. Ka3 Rh4 38. Rh7 38... Rff4 {
Nimmt den isolierten Bauern a4 ins Visier} 39. a5 (39. Rd1 Rxa4+ 40. Kb2 Rab4+
41. Kc1 41... f5 $15) 39... Ra4+ (39... Rf5 40. Re1 Rfxh5 41. Re6+ Kb5 42. Rxc7
Ra4+ 43. Kb2 Rb4+ 44. Kc3 Rh3+ 45. Kd2 Rh2+ 46. Kd3 Rd4+ 47. Kc3 Rh3+ 48. Kb2
Rb4+ 49. Kc1 $15) 40. Kb2 f5 41. Rh6+ $15 (41. Rf1 41... f4 $11) 41... Kd5 42.
Rf1 Ke5 43. Re1+ Rae4 (43... Kf4 44. Rf1+ Kg5 45. Rh8 $11) 44. Rxe4+ fxe4 45.
c3 $15 (45. Rh7 45... Kd6 $11) 45... e3 46. Rh7 $17 (46. Rh8 Ke4 47. Kc2 c4 48.
Re8+ Kf3 49. Rf8+ 49... Ke2 $19) 46... Ke6 $11 (46... Ke4 $5 $142 47. Kc2 Rh2+
48. Kd1 Kd3 49. Rd7+ Kxc3 50. Rxc7 Rxh5 51. Rxb7 51... Rh2 $17) 47. Kc2 (47.
Rxc7 $4 {der Bauer ist nicht zu nehmen} 47... e2 (47... Rxh5 $6 {
ist weit schwaecher wegen} 48. Kc2 $15 (48. Rxb7 $4 {
der kann natuerlich nicht genommen werden} 48... e2 $19)) 48. Rc8 48... Kd7 $19
) 47... e2 (47... c4 48. Kd1 $11) 48. Kd2 48... Re4 {Droht Matt: e1Q} 49. Ke1
Kd6 50. Rf7 $14 (50. h6 50... c4 $16) 50... Re6 $16 (50... Rh4 51. Rf5 $14) 51.
a3 c4 (51... Rh6 52. Rf5 $16 (52. Kxe2 $6 52... Rxh5 53. Rf6+ 53... Kd5 $11))
52. a4 $14 (52. Rf4 $5 $16) 52... Re3 53. h6 Rxc3 54. Kxe2 Rc2+ 55. Kf1 $15 (
55. Kd1 $5 {sieht spielbar aus} 55... Rh2 56. h7 $14) 55... Rd2 $14 (55... Rh2
$5 {ist eine gute Alternative} 56. Rf6+ 56... Kd5 $11) 56. h7 Rh2 57. Kg1 {
Droht Matt} 57... Rh5 58. Kg2 $17 (58. Kf2 $5 $14 $142 {und Weiss spielt mit})
58... c3 59. Rf6+ Ke7 60. Rf3 Rxh7 61. Rxc3 Kd6 62. Rd3+ Ke5 63. Re3+ 63... Kd4
{Schwarz aktiviert den Koenig} 64. Re6 Kd5 65. Rg6 c6 66. Kg3 $17 (66. Kf3
66... Kc5 $15) 66... Rf7 67. Kh3 Rf4 68. a6 bxa6 69. Rg5+ 69... Ke4 $15 (69...
Kc4 70. Ra5 $17) 70. Ra5 Rf3+ 71. Kg2 Rf7 72. Rxa6 c5 73. a5 c4 74. Kh2 $17 (
74. Re6+ $5 {ist nicht von der Hand zu weisen} 74... Kd4 75. a6 $15) 74... Kd5
75. Kh3 $2 $19 (75. Rg6 $17 $142) 75... c3 {Mit der Mattdrohung c2} 76. Ra8 Kc6
(76... Rc7 $142 {laesst dem Gegner kaum Chancen} 77. Rd8+ 77... Kc4 $19) 77.
Rc8+ (77. Re8 $142 77... c2 78. Re1 $19) 77... Rc7 78. Re8 78... c2 {
Es droht Matt} 79. Re1 Kb5 80. Rc1 Kxa5 81. Kg4 Kb4 82. Ra1 82... c1=Q {
Droht Matt: Rg7. Schwarz fuehrt die Partie kraftvoll zu Ende} 83. Ra8 (83. Rxc1
Rxc1 84. Kf4 Rc4+ 85. Kf5 Rc5+ 86. Ke6 Kc4 87. Kd6 Rh5 88. Kc6 Rd5 89. Kb7 Kc5
90. Kc7 Rd6 91. Kb7 Rd7+ 92. Kc8 Kc6 93. Kb8 Rd8+ 94. Ka7 Re8 95. Ka6 Ra8#)
83... Rg7+ 84. Kf5 Qg5+ 85. Ke4 Re7+ 86. Kf3 Qf5+ 87. Kg3 Rg7+ 88. Kh2 (88. Kh4
{macht keinen grossen Unterschied} 88... Qg4#) 88... Qh5# 0-1

[Event "ICS Rated blitz match"]
[Site "207.99.5.190"]
[Date "1999.03.05"]
[Round "?"]
[White "Hossa"]
[Black "lunarlander"]
[Result "1-0"]
[WhiteElo "2331"]
[BlackElo "2214"]
[Annotator "Fritz 5.32 (60s)"]
[PlyCount "43"]

1. e4 e6 2. d4 d5 3. Nc3 Nf6 4. e5 Nfd7 5. Nf3 c5 6. Bg5 (6. dxc5 Bxc5 7. Bd3
Nc6 8. Bf4 O-O 9. Bxh7+ Kh8 10. Ng5 Ncxe5 11. Qh5 Nf6 12. Qh3 Bd6 13. Bd3+ Kg8
14. Bh7+ Kh8 15. Bd3+ Kg8 16. Bh7+ Kh8 17. Bd3+ Kg8 18. Bh7+ 18... Kh8 {
- Titareva,T-Visschedijk,G/Eu Y Ch g10, Rimavska Sobota (6) 1996 (18)}) 6...
Qb6 7. Na4 7... Qc7 $11 (7... Qa5+ $5 {muss unbedingt geprueft werden} 8. c3
8... cxd4 $17) 8. c3 Nc6 9. Bb5 cxd4 10. Bxc6 (10. cxd4 f6 11. exf6 11... gxf6
$11) 10... bxc6 11. cxd4 11... Ba6 {Schwarz verhindert die kurze Rochade} 12.
Rc1 Bb5 13. Nc3 13... Bb4 $14 (13... Rb8 14. Nxb5 Rxb5 15. Qa4 Bb4+ 16. Bd2
Bxd2+ 17. Nxd2 Rxb2 18. Rxc6 Rxa2 19. Rxc7 Rxa4 20. Nb3 $15) 14. Bd2 14... Bxc3
$14 (14... Bc4 15. Qc2 $11) 15. Rxc3 ({Und nicht} 15. bxc3 15... Bc4 $15) 15...
O-O (15... Rc8 16. Qc2 $11) 16. Qc2 {
Uebt Druck auf den rueckstaendigen Bauern c6 aus} 16... h6 $18 (16... c5 $5 $16
$142) 17. a4 Ba6 (17... Bc4 18. b3 Nb6 19. bxc4 (19. Rxc4 $143 19... dxc4 20.
bxc4 20... c5 $17) 19... Nxc4 20. Bc1 $18) 18. Rxc6 Qb8 (18... Qb7 19. Rc7 Rfc8
20. Rxb7 Rxc2 21. Rxd7 21... Rxb2 $18) 19. Rxa6 Nb6 20. O-O Rc8 21. Bc3 (21.
Qd3 {ginge schneller} 21... Qb7 22. Qb5 22... Rab8 $18) 21... Qb7 (21... Rc7 {
holt die Kuh nicht vom Eis} 22. Ra5 $18) 22. Ra5 (22. Ra5 Nd7 23. Rb5 $18) 1-0

[Event "ICS Rated blitz match"]
[Site "207.99.5.190"]
[Date "1999.03.05"]
[Round "?"]
[White "lunarlander"]
[Black "Hossa"]
[Result "0-1"]
[WhiteElo "2203"]
[BlackElo "2342"]
[Annotator "Fritz 5.32 (60s)"]
[PlyCount "68"]

1. e4 e5 2. Nf3 Nc6 3. Bb5 a6 4. Bxc6 dxc6 5. Nc3 Bg4 6. h3 Bxf3 7. Qxf3 Qf6 8.
Qxf6 Nxf6 9. d3 Bb4 (9... Bd6 10. O-O 10... O-O {
- (GEO),G-(YUG),S/La Coruna (Spain) 1995 (10)}) 10. Bd2 $146 (10. O-O Bxc3 11.
bxc3 Nd7 12. f4 f6 13. fxe5 Nxe5 14. Bf4 O-O-O 15. Bxe5 fxe5 16. Rf7 Rd7 17.
Raf1 Re8 18. Rf8 Kd8 19. Rxe8+ Kxe8 20. Rf5 Re7 21. Kf2 g6 22. Rf6 22... c5 {
- Haag,E-Honfi,K/Hungary 1965 (22)}) 10... O-O 11. O-O-O Rad8 12. Ne2 (12. Rhf1
12... Rfe8 $11) 12... Bxd2+ 13. Rxd2 Rfe8 14. f4 exf4 15. Nxf4 c5 16. Rhd1 c4
17. g4 cxd3 18. cxd3 {Staerkt e4} 18... Re5 19. Rc2 19... c6 {Ueberdeckt d5}
20. Rc3 20... Ra5 $11 (20... Kf8 21. b4 $15) 21. a3 Kf8 22. Ne2 h5 23. gxh5
Rxh5 24. Rh1 24... Rg5 $11 (24... Rh4 25. Ng3 $15) 25. Rh2 Ke7 26. Kc2 a5 27.
b4 27... axb4 {Schwarz entwickelt eine toedliche Initiative} 28. axb4 Rg6 29.
Ra3 Rh6 30. Ra7 Rd7 31. Nf4 (31. h4 31... g6 $11) 31... g5 32. Ne2 Ng4 33. Rh1
$19 (33. Ng3 $5 33... Nxh2 34. Nf5+ Ke6 35. Nxh6 $15) 33... Nf2 34. Rf1 (34.
Ng3 Rh8 35. Nf5+ 35... Kf6 $19) 34... Nxd3 (34... Nxd3 35. Ng1 35... Re6 $19) (
34... Nxh3 $6 35. Kd2 $17) 0-1

[Event "ICS Rated blitz match"]
[Site "207.99.5.190"]
[Date "1999.03.05"]
[Round "?"]
[White "lunarlander"]
[Black "Hossa"]
[Result "1-0"]
[WhiteElo "2184"]
[BlackElo "2361"]
[Annotator "Fritz 5.32 (60s)"]
[PlyCount "41"]

1. e4 c5 2. Nc3 Nc6 3. g3 Nf6 4. Bg2 e5 5. Nge2 Be7 6. O-O O-O 7. d3 d6 8. f4
Bg4 9. h3 9... Be6 $146 (9... Bxe2 10. Nxe2 Qb6 (10... Qd7 11. c3 Ne8 12. Be3
f5 13. Qb3+ Kh8 14. Kh2 fxe4 15. Bxe4 Nf6 16. Bg2 Rab8 17. Qc2 Rbe8 18. Rae1 b5
19. a3 a5 20. f5 d5 21. Bg5 Ng4+ 22. hxg4 Bxg5 23. Ng1 e4 24. Nh3 Qd8 25. dxe4
Ne5 26. Nf2 Qc7 27. exd5 Qd6 28. Qe4 Ng6 29. Qf3 Nh4 30. Qd3 c4 31. Ne4 Qh6 32.
Qe3 32... Nf3# {0-1 Kuchenbrod,K-Stahl,H/RLPF-chS Herxheim 1993 (32)}) 11. Kh2
exf4 12. gxf4 Rad8 13. Nc3 d5 14. Nxd5 Nxd5 15. exd5 Nb4 16. c4 Bf6 17. a3 Na6
18. Rb1 Qd6 19. Kh1 Nc7 20. Qg4 b5 21. Be4 Rfe8 22. Rg1 bxc4 23. Qf5 g6 24. Bd2
{KiwiHero-sandar/ICS 1995/1-0 (47)}) (9... Bd7 10. a3 $11) 10. f5 $11 {
Weiss gewinnt Raum} (10. Nd5 10... Re8 $14) 10... Bd7 11. g4 Kh8 12. Ng3 12...
Rc8 $14 (12... Ne8 13. Be3 $11) 13. Kh1 $11 (13. g5 Ne8 14. Qh5 14... Nd4 $14)
13... Nd4 (13... Ne8 14. Be3 $11) 14. g5 Ne8 15. h4 15... b5 $16 (15... Nc7 $5
$11 $142 {ist die kritische Fortsetzung}) 16. Nd5 16... f6 $4 $18 {
Schwarz bricht voellig ein} (16... Rg8 $16 $142) 17. g6 {
Mit der Mattdrohung Qh5} 17... Ra8 (17... Be6 {ist der letzte Strohhalm} 18.
fxe6 18... hxg6 $18) 18. Qh5 18... h6 {
Wenn Schwarz nun zu Kg8 kommt, geht es ihm besser} 19. Bxh6 Bxf5 (19... Rf7 {
hilft auch nicht mehr} 20. Be3+ Kg8 21. Qh7+ Kf8 22. Qh8#) 20. Bg5+ Kg8 21.
Qh7# 1-0

[Event "ICS Rated blitz match"]
[Site "207.99.5.190"]
[Date "1999.03.05"]
[Round "?"]
[White "Hossa"]
[Black "Secret"]
[Result "0-1"]
[WhiteElo "2337"]
[BlackElo "2497"]
[Annotator "Fritz 5.32 (60s)"]
[PlyCount "136"]

1. e4 e5 2. Nf3 Nc6 3. Bc4 Bc5 4. c3 Nf6 5. d4 exd4 6. e5 d5 7. Bb5 Ne4 8.
Bxc6+ (8. cxd4 Be7 9. Nbd2 O-O 10. Bxc6 bxc6 11. Qc2 Nxd2 12. Bxd2 c5 13. dxc5
f6 14. exf6 Bxf6 15. O-O Bg4 16. Ne1 Be2 17. Nd3 Bxf1 18. Rxf1 c6 19. Bf4 Re8
20. Bd6 Qd7 21. Kh1 Qf5 22. Qd2 Re4 23. b4 Rae8 24. a4 Rd4 25. Rd1 25... Rxd3 {
0-1 Gelashvili Anna-Stjazhkina Olga/Ch Russia (w), Elista (Russia) (8) 1996(25)
}) 8... bxc6 9. cxd4 9... Be7 $146 (9... Bb4+ 10. Nbd2 (10. Bd2 Nxd2 11. Nbxd2
Ba6 12. Rc1 Qd7 13. Qc2 c5 14. dxc5 O-O 15. Ng5 f5 16. Ngf3 Rae8 17. c6 Qe6 18.
Qa4 Bxd2+ 19. Kxd2 Qh6+ 20. Kd1 Bd3 21. Qa5 Rb8 22. Qxd5+ Kh8 23. Qxd3 Rfd8 24.
Nd4 Qf4 25. Rc4 Rxb2 26. Rf1 Rxa2 27. g3 Qxe5 28. Qe3 Qb5 29. Qe8+ Rxe8 30.
Nxb5 Rb8 31. Re1 h6 32. Re5 a6 33. Nxc7 Rxf2 34. Re8+ {
1-0 GriffySr-Leiting/ICS 1994 (34)}) 10... Bd7 11. a3 Be7 12. Nxe4 dxe4 13. Nd2
Bf5 14. Nb3 Qd5 15. Be3 Rb8 16. Nd2 Rxb2 17. O-O O-O 18. Qa4 Rb7 19. Rfc1 19...
Qb5 {- Fischer_Nielsen Jesper-Alwazzan/It (open), Baden-Baden (Germany) (1)
1987 (19)}) (9... Bb6 10. Nc3 Bg4 11. Be3 O-O 12. Qa4 Qd7 13. Nxe4 dxe4 14. Nd2
Qd5 15. Rc1 Bd7 16. Qc4 Rae8 17. O-O Kh8 18. Nb3 f6 19. Nc5 Bc8 20. Qxd5 cxd5
21. exf6 Rxf6 22. b4 c6 23. a4 Bg4 24. Rfe1 {
Jaenisch-Staunton/London 1851/ - (45)}) 10. Qa4 Bd7 11. O-O c5 12. Qc2 cxd4 13.
Nxd4 c5 14. Ne2 Bf5 15. Qa4+ Qd7 16. Qxd7+ Bxd7 17. f3 Ng5 18. Nbc3 d4 19. Nd5
Ne6 20. Nxe7 Kxe7 21. f4 Bb5 22. Re1 Rhe8 23. f5 Nc7 24. Ng3 Bc6 25. Nh5 Kf8
26. f6 g6 27. Ng7 Reb8 28. e6 Nxe6 29. Nxe6+ fxe6 30. Rxe6 Be8 31. Re7 Bf7 32.
b3 Rb5 33. Rc7 Ra5 34. Rxc5 Rxc5 35. Ba3 Rac8 36. Rc1 Kg8 37. Rxc5 Rxc5 38.
Bxc5 d3 39. Kf2 a5 40. Ke3 Bd5 41. g4 h6 42. Kxd3 Kf7 43. Bd4 Be6 44. h3 Bd7
45. Kc4 Bc6 46. Kc5 Bd7 47. Kb6 a4 48. b4 a3 49. Kc7 $16 (49. b5 $18 $142 {
sichert den Gewinn}) 49... Bb5 50. Bc3 (50. h4 50... Ke6 $18) 50... g5 51. Kb6
Bf1 52. h4 $14 (52. b5 $5 $142 52... Bxh3 53. Ka7 Bxg4 54. b6 $18) 52... gxh4
53. Kc6 $11 (53. b5 h3 54. Be5 54... Be2 $14) 53... Ke6 54. Bd4 $19 (54. Kc5
$11 $142 {sieht noch spielbar aus}) 54... h3 55. f7 {Mit der Mattdrohung f8Q}
55... Kxf7 {Schwarz droht stark h2} 56. Bg1 Bc4 57. b5 $4 {
ein Fehler, doch es war nicht viel zu retten} (57. Kc5 Bxa2 58. Kd4 $19) 57...
Bxa2 58. b6 (58. Kd6 {aendert nichts mehr} 58... Bc4 59. Kc5 59... a2 $19)
58... Ke6 59. Kc7 Bd5 60. b7 {Es droht Matt} 60... Bxb7 $1 {
Rueckgabe des Materials ist das staerkste} 61. Kxb7 a2 62. Bd4 62... Kd5 {
Droht Matt} 63. Bb2 63... h2 {Es droht Matt} 64. Bc3 (64. Kc7 {
aendert den traurigen Lauf der Dinge nicht} 64... h1=Q 65. Kc8 Kd6 66. Be5+
Kxe5 67. Kd8 a1=Q 68. Ke8 Qb7 69. Kf8 Qaa8#) 64... h1=Q 65. Bh8 (65. Bf6 {
waere gleichermassen fruchtlos} 65... Kd6+ 66. Kb8 Qb1+ 67. Kc8 Qb6 68. Be5+
Kc6 69. g5 Qb7+ 70. Kd8 Qd7#) 65... Qb1+ 66. Kc8 (66. Kc7 {
aendert nichts am Ausgang der Partie} 66... Qh7+ 67. Bg7 Qxg7+ 68. Kb6 a1=Q 69.
g5 Qaa7+ 70. Kb5 Qgb7#) 66... Kc6 (66... Qh7 67. Bg7 Kc6 68. Kd8 a1=Q 69. Ke8
Qg8+ 70. Bf8 Qe6+ 71. Be7 Qa8#) 67. g5 (67. Kd8 {aendert nichts mehr} 67... Qb7
68. Ke8 Kd6 69. Bf6 a1=Q 70. g5 Qd7+ 71. Kf8 Qa8+ 72. Bd8 Qaxd8#) 67... Qb7+
68. Kd8 Qd7# 0-1

[Event "ICS Rated blitz match"]
[Site "207.99.5.190"]
[Date "1999.03.05"]
[Round "?"]
[White "Hossa"]
[Black "marik"]
[Result "1-0"]
[WhiteElo "2328"]
[BlackElo "2188"]
[PlyCount "27"]

1. e4 d5 2. exd5 Nf6 3. Bb5+ Nbd7 4. Nc3 a6 5. Bxd7+ Bxd7 6. Nge2 c6 7. dxc6
Bxc6 8. O-O e5 9. d4 e4 10. Bg5 h6 11. Bxf6 Qxf6 12. d5 Rd8 13. Re1 Bc5 14.
Nxe4 {marik resigns} 1-0

[Event "ICS rated blitz match"]
[Site "207.99.5.190"]
[Date "1999.03.05"]
[Round "?"]
[White "marik"]
[Black "Hossa"]
[Result "0-1"]
[WhiteElo "2064"]
[BlackElo "2328"]
[PlyCount "88"]

1. e4 c5 2. Nf3 Nf6 3. e5 Nd5 4. Nc3 Nxc3 5. dxc3 Qc7 6. Bc4 Nc6 7. O-O Nxe5 8.
Nxe5 Qxe5 9. Re1 Qf5 10. f4 b6 11. Re5 Qf6 12. Be3 Bb7 13. Qd3 O-O-O 14. Rd1 d6
15. Ba6 e6 16. Re4 Qf5 17. Ra4 Qxd3 18. Rxd3 Bxa6 19. Rxa6 Kb7 20. Ra4 Be7 21.
c4 a5 22. a3 Kc6 23. b4 axb4 24. axb4 cxb4 25. Rxb4 Rb8 26. Rdb3 Bd8 27. Bd4 f6
28. Kf2 e5 29. fxe5 dxe5 30. Be3 Bc7 31. Rb5 Rhd8 32. c5 bxc5 33. Rxc5+ Kd7 34.
Rd3+ Bd6 35. Rcd5 Kc6 36. c4 Be7 37. g4 Rb2+ 38. Kf3 Re8 39. h4 Rc2 40. c5 e4+
41. Kxe4 Bxc5+ 42. Kf5 Bxe3 43. Rd6+ Kb5 44. Rd7 44... Rf2# {marik checkmated}
0-1

[Event "ICS rated blitz match"]
[Site "207.99.5.190"]
[Date "1999.03.05"]
[Round "?"]
[White "Hossa"]
[Black "Tim"]
[Result "0-1"]
[WhiteElo "2349"]
[BlackElo "2470"]
[Annotator "Crafty v16.5"]
[PlyCount "56"]

{annotating for player Hossa using a scoring margin of +0.10 pawns. search
time limit is 20.00} 1. e4 1... d5 2. exd5 Nf6 3. Bb5+ Bd7 4. Bc4 b5 5. Bb3 Bg4
6. f3 Bc8 7. a4 b4 8. c4 c6 9. dxc6 Nxc6 10. Ne2 e5 11. d3 Bc5 12. Bg5 h6 13.
Bxf6 Qxf6 14. Ng3 Qf4 15. Nd2 f5 16. Rb1 O-O 17. Ndf1 Bb7 18. h4 e4 19. dxe4
Nd4 20. Nh5 Qe5 21. Nd2 fxe4 22. f4 Rxf4 23. Nxf4 Qxf4 24. Qh5 e3 25. Nf3 Qg3+
26. Kd1 Qxg2 27. a5 Bxf3+ 28. Qxf3 Qd2# 0-1

[Event "ICS rated blitz match"]
[Site "207.99.5.190"]
[Date "1999.03.05"]
[Round "?"]
[White "Hossa"]
[Black "libertad"]
[Result "1-0"]
[WhiteElo "2338"]
[BlackElo "2081"]
[PlyCount "43"]

1. e4 e5 2. Nf3 Nc6 3. Bc4 Bc5 4. c3 Nf6 5. d3 d6 6. O-O O-O 7. b4 Bb6 8. Bg5
h6 9. b5 Na5 10. Bxf6 Qxf6 11. Nbd2 Nxc4 12. Nxc4 Bg4 13. Ncd2 c6 14. bxc6 bxc6
15. Qa4 Rac8 16. Rab1 d5 17. exd5 Bxf3 18. Nxf3 cxd5 19. Rb3 Rfe8 20. Re1 e4
21. dxe4 Rc4 22. Qxe8+ {libertad resigns} 1-0

[Event "ICS rated blitz match"]
[Site "207.99.5.190"]
[Date "1999.03.05"]
[Round "?"]
[White "mishah"]
[Black "Hossa"]
[Result "0-1"]
[WhiteElo "2067"]
[BlackElo "2344"]
[PlyCount "50"]

1. d4 Nf6 2. c4 g6 3. Nc3 Bg7 4. e4 d6 5. Be2 O-O 6. Nf3 Bg4 7. h3 Bxf3 8. Bxf3
Nc6 9. Be3 Re8 10. O-O e5 11. d5 Nd4 12. Re1 Nd7 13. Bxd4 exd4 14. Nb5 d3 15.
Qxd3 Bxb2 16. Rab1 Nc5 17. Qc2 Bh8 18. Nc3 Qh4 19. Na4 b6 20. Nxc5 dxc5 21.
Rbd1 Rad8 22. Qa4 Be5 23. Qb3 Bg7 24. Rd2 Rd6 25. Kh2 25... Qf4+ {
mishah resigns} 0-1

[Event "ICS rated blitz match"]
[Site "207.99.5.190"]
[Date "1999.03.05"]
[Round "?"]
[White "Tim"]
[Black "Hossa"]
[Result "1-0"]
[WhiteElo "2481"]
[BlackElo "2349"]
[Annotator "Crafty v16.5"]
[PlyCount "114"]

{annotating for player Hossa using a scoring margin of +0.10 pawns. search
time limit is 20.00} 1. d4 1... Nf6 2. Nc3 d5 3. e4 Nxe4 4. Nxe4 dxe4 5. Bc4
Nc6 6. c3 e5 7. d5 Nb8 ({8:+0.31} 7... Nb8 8. Ne2 Bd6 9. Qc2 f5 10. O-O O-O 11.
Be3 $15) ({8:+0.61} 7... Ne7 8. Qb3 Qd7 9. Ne2 c6 10. dxc6 Nxc6 11. O-O 11...
Bc5 $15) 8. Qe2 Bf5 9. Be3 Bd6 10. O-O-O O-O 11. h3 Nd7 12. g4 Bg6 13. h4 Nc5 (
{9:-2.01} 13... Nc5 14. h5 b5 15. hxg6 bxc4 16. gxh7+ Kh8 17. Qxc4 Nd3+ 18. Kb1
Rb8 19. Rd2 $18) ({9:+0.51} 13... h6 14. h5 Bh7 15. Kb1 Nc5 16. Qc2 Nd3 17. Ne2
17... Qd7 $15) 14. h5 Nd3+ 15. Kb1 b5 16. Bb3 Qf6 17. hxg6 Qxg6 18. Bc2 b4 19.
c4 b3 20. Bxb3 Rfb8 21. f3 a5 22. fxe4 Qxe4 23. Qf3 Qxf3 24. Nxf3 a4 25. Rxd3
axb3 26. Rxb3 Rxb3 27. axb3 f6 28. Kc2 h6 29. Nd2 Rb8 30. Ne4 Be7 31. Ra1 Rb7
32. Ra8+ Kf7 33. Bc5 g6 34. Bxe7 Kxe7 35. Rh8 Rb4 36. Rxh6 f5 37. Rxg6 fxe4 38.
Re6+ Kd8 39. Rxe5 Rb7 40. Rxe4 Rb6 41. Re6 Rxe6 42. dxe6 Ke7 43. Kd3 c5 44. Ke4
Kxe6 45. g5 Kd6 46. Kf5 Ke7 47. g6 Ke8 48. Ke6 Kf8 49. Kf6 Kg8 50. b4 cxb4 51.
c5 Kf8 52. c6 Ke8 53. g7 Kd8 54. g8=Q+ Kc7 55. Qc4 b3 56. Qc5 Kd8 57. c7+ Kc8
1-0

[Event "ICS rated blitz match"]
[Site "207.99.5.190"]
[Date "1999.03.05"]
[Round "?"]
[White "brutus"]
[Black "Hossa"]
[Result "0-1"]
[WhiteElo "2205"]
[BlackElo "2339"]
[PlyCount "49"]

1. e4 c5 2. Nf3 Nf6 3. Nc3 Nc6 4. d4 d5 5. exd5 Nxd5 6. Nxd5 Qxd5 7. Bb5 Bg4 8.
dxc5 Qxd1+ 9. Kxd1 O-O-O+ 10. Ke1 Bxf3 11. gxf3 Nd4 12. Bd3 Nxf3+ 13. Ke2 Nd4+
14. Kf1 Rd5 15. Be3 g6 16. Bxd4 Rxd4 17. Ke2 e6 18. Rad1 Bxc5 19. c3 Rf4 20. f3
Kc7 21. Bb5 g5 22. Rd7+ Kb6 23. Bd3 Kc6 24. Bb5+ Kxb5 25. Rxb7+ {brutus resigns
} 0-1

[Event "ICS rated blitz match"]
[Site "207.99.5.190"]
[Date "1999.03.05"]
[Round "?"]
[White "Hossa"]
[Black "brutus"]
[Result "0-1"]
[WhiteElo "2349"]
[BlackElo "2195"]
[Annotator "Crafty v16.5"]
[PlyCount "83"]

{annotating for player Hossa using a scoring margin of +0.10 pawns. search
time limit is 20.00} 1. e4 1... e6 2. d4 d5 3. Nc3 Nf6 4. e5 Nfd7 5. Nf3 c5 6.
Bg5 Qb6 7. Na4 ({8:-0.23} 7. Na4 7... Qa5+ 8. c3 cxd4 9. Nxd4 Nxe5 10. Bb5+ Bd7
11. b4 Qc7 12. O-O Bxb5 13. Nxb5 $10) ({8:+0.05} 7. Bb5 7... a6 8. Bxd7+ Nxd7
9. Na4 Qb5 10. c3 b6 11. Qb3 Bb7 12. dxc5 Qxb3 13. axb3 Bxc5 14. Nxc5 14...
Nxc5 $10) 7... Qa5+ 8. Nc3 Nc6 9. Be2 cxd4 10. Nxd4 Nxd4 11. Qxd4 Bc5 12. Qa4
Bb4 13. Qxa5 Bxa5 14. Bd2 Nxe5 15. O-O ({9:-1.23} 15. O-O 15... O-O 16. Rad1
Nc6 17. Nb5 f5 18. c4 Bxd2 19. Rxd2 19... Rd8 $17) ({9:-0.93} 15. O-O-O 15...
O-O 16. Nb5 Bb6 17. Bb4 Rd8 18. Bd6 Nc4 19. Bxc4 19... dxc4 $17) 15... Bd7 16.
Nxd5 Bxd2 17. Nc7+ Ke7 18. Nxa8 Rxa8 19. Rad1 Ba5 20. f4 Bb6+ 21. Kh1 Nc6 22.
Rf3 Rd8 23. Rh3 h6 24. Bb5 a6 25. Bxc6 Bxc6 26. Rxd8 Bxd8 27. Rg3 g6 28. c4 Bc7
29. Rg4 h5 30. Rh4 Kf6 31. Kg1 Kf5 32. g3 Bd8 33. Rxh5+ gxh5 34. Kf1 Bb6 35. b4
Ke4 36. Ke2 Ba4 37. b5 axb5 38. cxb5 Bxb5+ 39. Ke1 Be3 40. h4 Ba4 41. Ke2 Bc2
42. a4 0-1

[Event "ICS rated blitz match"]
[Site "207.99.5.190"]
[Date "1999.03.05"]
[Round "?"]
[White "marik"]
[Black "Hossa"]
[Result "0-1"]
[WhiteElo "2041"]
[BlackElo "2326"]
[PlyCount "32"]

1. e4 c5 2. Nf3 Nf6 3. Nc3 Nc6 4. d4 d5 5. e5 cxd4 6. exf6 dxc3 7. bxc3 exf6 8.
Bd3 Bc5 9. O-O O-O 10. Nh4 Ne5 11. Nf5 Nxd3 12. Qxd3 Re8 13. Bd2 Bxf5 14. Qxf5
Re5 15. Qg4 Qc8 16. Qg3 16... Qf5 {marik resigns} 0-1

[Event "ICS rated blitz match"]
[Site "207.99.5.190"]
[Date "1999.03.05"]
[Round "?"]
[White "Hossa"]
[Black "Lami"]
[Result "1-0"]
[WhiteElo "2327"]
[BlackElo "2050"]
[PlyCount "55"]

1. e4 e5 2. Nf3 Nc6 3. Bc4 Nf6 4. Ng5 d5 5. exd5 b5 6. dxc6 bxc4 7. O-O h6 8.
Nf3 e4 9. Ne1 Bc5 10. Qe2 Ba6 11. Nc3 O-O 12. Nxe4 Nxe4 13. Qxe4 Re8 14. Qf5
Qd6 15. Qd7 Rad8 16. Qg4 Qxc6 17. c3 Re4 18. Qh5 Bb7 19. Qh3 Rde8 20. Nc2 Qg6
21. Ne3 Bxe3 22. dxe3 Rd8 23. f3 Re5 24. Qh4 Red5 25. e4 Rd1 26. Be3 R1d3 27.
Bd4 f5 28. Qxd8+ {Lami resigns} 1-0

[Event "ICS rated blitz match"]
[Site "207.99.5.190"]
[Date "1999.03.05"]
[Round "?"]
[White "Hossa"]
[Black "newfisher"]
[Result "1/2-1/2"]
[WhiteElo "2332"]
[BlackElo "2033"]
[PlyCount "85"]

1. e4 c6 2. Nc3 d5 3. exd5 cxd5 4. Nf3 Nf6 5. Bb5+ Nc6 6. O-O e6 7. Ne5 Bd7 8.
Nxd7 Qxd7 9. Re1 Bd6 10. d4 O-O 11. Bg5 Be7 12. Qf3 a6 13. Bxc6 bxc6 14. Rab1
Rab8 15. Qg3 Kh8 16. Qe5 Qd6 17. Bxf6 gxf6 18. Qe3 f5 19. Qh6 Rg8 20. Qh5 Rg7
21. Re3 Rbg8 22. Rg3 f4 23. Rxg7 Rxg7 24. a3 Bd8 25. Kh1 Bc7 26. Rd1 Ba5 27.
Ne2 Kg8 28. Nc1 Bc7 29. Nb3 Qe7 30. Nc5 Bd6 31. Nxa6 Qb7 32. Nb4 Bxb4 33. axb4
Qxb4 34. Ra1 Rg6 35. Ra8+ Kg7 36. Qe5+ Rf6 37. Ra6 Qxb2 38. Qg5+ Rg6 39. Qe5+
Rf6 40. Qg5+ Rg6 41. Qe5+ Rf6 42. Qg5+ Rg6 43. Qe5+ {Game drawn by repetition}
1/2-1/2